Building Construction Handbook. (Record no. 8208)

MARC details
000 -LEADER
fixed length control field 00535nam a22002057a 4500
003 - CONTROL NUMBER IDENTIFIER
control field OSt
005 - DATE AND TIME OF LATEST TRANSACTION
control field 20231012123038.0
008 - FIXED-LENGTH DATA ELEMENTS--GENERAL INFORMATION
fixed length control field 231012b |||||||| |||| 00| 0 eng d
020 ## - INTERNATIONAL STANDARD BOOK NUMBER
International Standard Book Number 9781138907096
040 ## - CATALOGING SOURCE
Transcribing agency DDC.
082 ## - DEWEY DECIMAL CLASSIFICATION NUMBER
Classification number 624.2 CHU 2016.
100 ## - MAIN ENTRY--PERSONAL NAME
Personal name Chudley,Roy;Greeno,Rodgers;
9 (RLIN) 16747
245 ## - TITLE STATEMENT
Title Building Construction Handbook.
250 ## - EDITION STATEMENT
Edition statement 11th ed.
260 ## - PUBLICATION, DISTRIBUTION, ETC. (IMPRINT)
Place of publication, distribution, etc. London.
Name of publisher, distributor, etc. Routledge.
Date of publication, distribution, etc. 2016.
300 ## - PHYSICAL DESCRIPTION
Extent xi,1012p;
Other physical details ill,
Dimensions 24cm
504 ## - BIBLIOGRAPHY, ETC. NOTE
Bibliography, etc includes index.
650 ## - SUBJECT ADDED ENTRY--TOPICAL TERM
Topical term or geographic name as entry element Engeneering.
9 (RLIN) 16748
942 ## - ADDED ENTRY ELEMENTS (KOHA)
Source of classification or shelving scheme Dewey Decimal Classification
Koha item type Book Bank
Holdings
Withdrawn status Lost status Source of classification or shelving scheme Damaged status Not for loan Home library Current library Date acquired Source of acquisition Inventory number Total Checkouts Full call number Barcode Date last seen Price effective from Koha item type
    Dewey Decimal Classification     Main Kihumuro Campus Main Kihumuro Campus 12/10/2023 Purchase 23/42214   624.2 CHU 2016. 2023-0627 12/10/2023 12/10/2023 Book Bank
    Dewey Decimal Classification     Main Kihumuro Campus Main Kihumuro Campus 12/10/2023 Purchase 23/42215   624.2 CHU 2016. 2023-0628 12/10/2023 12/10/2023 Book Bank